000 00923nam a22002177a 4500
008 130821s2010 mx gr spa
020 _a9786074871302
040 _aCO-BoUCM
_bspa
_cAngélica Rojas
_dAldemar Mondragón
041 0 0 _aspa
100 1 _aCalderón, Mario
_929736
245 1 3 _aLa luz del Topacio ensayos sobre cuento mexicano de la segunda mitad del siglo XX
_cMario Calderón
260 _aMéxico D.F. (México)
_bBenemérita Unviersidad Autónoma de puebla
_c2010
300 _a128 páginas
504 _aIncluye referencias bibliográficas
650 _aLiteratura latinoamericana
_918700
650 7 _aEnsayos mexicanos
_914575
650 7 _aLiteratura mexicana
_918708
710 1 _aBenemérita Universidad Autónoma de Puebla
_bDirección de Fomento Editorial
_bFacultad de Filosofía y Letras
_929737
942 _cLIBRO
_a18
_e1
_mC146L
_2DEWEY
_h864.64
_n0
999 _c164625
_d164625